000
00338nam a2200133Ia 4500
008
230818s9999 xx 000 0 und d
041
_a
eng
100
_a
Kazami
245
_a
Strategic management and business policy
260
_b
Tata Mc Graw Hill
300
_a
698p
520
_a
General
999
_c
852956
_d
852956
650
_a
Hospitality Strategic Management